000 01079cam a22002894a 4500
001 11920947
003 ARRUPE
005 20211005092236.0
008 000224s2000 enk b 001 0 eng
010 _a 00026960
020 _a0415152801 (hb)
020 _a041515281X (pb)
040 _aDLC
_cDLC
_dDLC
042 _apcc
050 0 0 _aQ175
_b.R5475 2000
082 0 0 _a501
_221
100 1 _aRosenberg, Alexander,
_d1946-
_950265
245 1 0 _aPhilosophy of science :
_ba contemporary introduction /
_cAlex Rosenberg.
260 _aLondon ;
_aNew York :
_bRoutledge,
_c2000.
300 _aix, 191 p. ;
_c25 cm.
440 0 _aRoutledge contemporary introductions to philosophy
_933360
504 _aIncludes bibliographical references (p. [181]-184) and index.
650 0 _aScience
_xPhilosophy.
906 _a7
_bcbc
_corignew
_d1
_eocip
_f20
_gy-gencatlg
942 _2lcc
_cMONOGRAPH
999 _c130673
_d130673